Zabezpečovanie a uplatňovanie princípu rovnosti príležitostí v pracovnoprávnych vzťahoch

Právne predpisy týkajúce sa princípu rovnosti príležitostí v pracovnoprávnych vzťahoch. Druhy diskriminačných praktík. Rovnosť príležitostí a zákaz diskriminácie počas trvania pracovnoprávneho vzťahu. Zdravotne znevýhodnení zamestnanci. Právne prostriedky ochrany pred diskrimináciou. Antidiskriminač...

Description complète

Enregistré dans:
Détails bibliographiques
Auteur principal: Kočiš, Juraj
Format: Chapitre de livre
Langue:slovaque
Sujets:
Tags: Ajouter un tag
Pas de tags, Soyez le premier à ajouter un tag!

MARC

LEADER 00000naa a2200000 4500
001 0264187
005 20200615103525.2
041 0 |a slo 
044 |a SK 
245 1 0 |a Zabezpečovanie a uplatňovanie princípu rovnosti príležitostí v pracovnoprávnych vzťahoch  |c Juraj Kočiš 
520 |a Právne predpisy týkajúce sa princípu rovnosti príležitostí v pracovnoprávnych vzťahoch. Druhy diskriminačných praktík. Rovnosť príležitostí a zákaz diskriminácie počas trvania pracovnoprávneho vzťahu. Zdravotne znevýhodnení zamestnanci. Právne prostriedky ochrany pred diskrimináciou. Antidiskriminačná žaloba. 
610 2 0 |a vzťahy pracovnoprávne 
610 2 0 |a zamestnanci 
610 2 0 |a zamestnávatelia 
610 2 0 |a rovnosť rodová 
610 2 0 |a rovnosť sociálna 
610 2 0 |a diskriminácia pracovná 
610 2 0 |a legislatíva 
100 1 |a Kočiš, Juraj